| 000 | 00436nam a2200133Ia 4500 | ||
|---|---|---|---|
| 008 | 200626s9999 xx 000 0 und d | ||
| 020 | _a0-7494-2633-0 | ||
| 100 | _aBlackwell, Edward | ||
| 245 |
_cEdward Blackwell.-- _aHow to prepare a business plan: _bPlanning for successful start-up and expansion / |
||
| 250 | _a3rd ed. | ||
| 260 |
_aLondon : _bKogan Page Limited: _c1993 |
||
| 300 | _avii, 151 pages | ||
| 650 | _a Business planning. | ||
| 999 |
_c363811 _d363811 |
||